006760000a22001930004500090001700000245007600017246009600093041001300189700002600202700003700228700003100265700003100296700003000327700003200357100002800389942001300417773003500430999001700465 aASbSeriadas10aNew and noteworthy records from the east slope of the Andes of Colombia3 aNuevos y significativos registros de aves de la Vertiente Oriental de los Andes colombianos0 aInglés1 aStiles , F. Gary98771 aBohórguez, Clara Isabel9996161 aAlvarez R., Mauricio941751 aUmaña, Ana María945361 aDonegan, Thomas M.9996171 aCuervo , Andrés M.9973761 aSalaman, Paul G.999618 cARTICULO1 tCaldasiah1q157-189d2002g24 c15389d15389